Device for X-ray spectral absorption analysis with use of acoustic monochromator; Journal of Physics: Conference Series; Vol. 517, iss. 1 : RREPS-13. Radiation from Relativistic Electrons in Periodic Structures and Meghri-13. Electron, Positron, Neutron and X-ray Scattering under External Influences

التفاصيل البيبلوغرافية
Parent link:Journal of Physics: Conference Series
Vol. 517, iss. 1 : RREPS-13. Radiation from Relativistic Electrons in Periodic Structures and Meghri-13. Electron, Positron, Neutron and X-ray Scattering under External Influences.— 2014.— [012037, 6 p.]
المؤلف الرئيسي: Cherepennikov Yu. M. Yuriy Mihaylovich
مؤلف مشترك: Национальный исследовательский Томский политехнический университет (ТПУ) Физико-технический институт (ФТИ) Кафедра прикладной физики (№ 12) (ПФ)
مؤلفون آخرون: Gogolev A. S. Aleksey Sergeevich
الملخص:Title screen
The method for X-ray elemental analysis and the device for its realization, based on the X-ray absorption spectroscopy technique, are proposed. Estimations of the method sensitivity have been carried out by means of numerical simulation. The simulation results indicate that the sensitivity of the proposed method for elemental analysis is not less than 10?4.
اللغة:الإنجليزية
منشور في: 2014
الموضوعات:
الوصول للمادة أونلاين:https://doi.org/10.1088/1742-6596/517/1/012037
التنسيق: MixedMaterials الكتروني فصل الكتاب
KOHA link:https://koha.lib.tpu.ru/cgi-bin/koha/opac-detail.pl?biblionumber=661851

MARC

LEADER 00000naa0a2200000 4500
001 661851
005 20250812093629.0
035 |a (RuTPU)RU\TPU\network\32874 
035 |a RU\TPU\network\1715 
090 |a 661851 
100 |a 20200312d2014 k||y0engy50 ba 
101 0 |a eng 
102 |a GB 
135 |a drnn ---uucaa 
181 0 |a i  
182 0 |a b 
200 1 |a Device for X-ray spectral absorption analysis with use of acoustic monochromator  |f Yu. M. Cherepennikov, A. S. Gogolev 
203 |a Text  |c electronic 
300 |a Title screen 
320 |a [References: 7 tit.] 
330 |a The method for X-ray elemental analysis and the device for its realization, based on the X-ray absorption spectroscopy technique, are proposed. Estimations of the method sensitivity have been carried out by means of numerical simulation. The simulation results indicate that the sensitivity of the proposed method for elemental analysis is not less than 10?4. 
461 0 |0 (RuTPU)RU\TPU\network\3526  |t Journal of Physics: Conference Series 
463 |t Vol. 517, iss. 1 : RREPS-13. Radiation from Relativistic Electrons in Periodic Structures and Meghri-13. Electron, Positron, Neutron and X-ray Scattering under External Influences  |o X International Symposium and III International Conference, 23-28 September, 2013, Lake Sevan, Armenia  |v [012037, 6 p.]  |d 2014 
610 1 |a электронный ресурс 
610 1 |a труды учёных ТПУ 
700 1 |a Cherepennikov  |b Yu. M.  |c physicist  |c Associate Professor of Tomsk Polytechnic University, Candidate of Sciences  |f 1989-  |g Yuriy Mihaylovich  |3 (RuTPU)RU\TPU\pers\31561  |9 15721 
701 1 |a Gogolev  |b A. S.  |c physicist  |c associate professor of Tomsk Polytechnic University, Candidate of physical and mathematical sciences  |f 1983-  |g Aleksey Sergeevich  |3 (RuTPU)RU\TPU\pers\31537  |9 15698 
712 0 2 |a Национальный исследовательский Томский политехнический университет (ТПУ)  |b Физико-технический институт (ФТИ)  |b Кафедра прикладной физики (№ 12) (ПФ)  |3 (RuTPU)RU\TPU\col\18729 
801 2 |a RU  |b 63413507  |c 20200312  |g RCR 
856 4 |u https://doi.org/10.1088/1742-6596/517/1/012037 
942 |c CF